[Event "VIE-ch U20"]
[White "Nguyen, Trong Hung"]
[Black "Tran, Phuoc Dinh"]
[Site "Ho Chi Minh City"]
[Round "5"]
[Result "1-0"]
[Date "2014.07.15"]
[WhiteElo "1969"]
[BlackElo "1970"]
[PlyCount "39"]
[EventDate "2014.07.13"]
[EventType "swiss"]
[EventRounds "9"]
[EventCountry "VIE"]
[SourceTitle "EXT 2016"]
[Source "ChessBase"]
[SourceDate "2015.10.08"]
[SourceVersion "1"]
[SourceVersionDate "2015.10.08"]
[SourceQuality "1"]

1. e4 e5 2. Nf3 Nc6 3. Bb5 Nf6 4. 0-0 Bc5 5. Bxc6 bxc6 6. Nxe5 0-0 7. d4 Bb6 8. Bg5 Qe7 9. Ng4 d6 10. Bxf6 gxf6 11. Nc3 Kh8 12. Nh6 c5 13. d5 Qe5 14. f4 Qe7 15. Qh5 Bd7 16. f5 c4+ 17. Kh1 Bd4 18. Rf4 Be3 19. Rh4 Bg5 20. Ng8 1-0